Reštauračné odpady ako organický substrát pre produkciu bioplynu a ich následné energetické využitie

Saved in:
Bibliographic Details
Main Author: Kubaská, Miroslava
Format: Book
Language:Slovak
Published: Bratislava STU FCHPT 2009
Online Access:View in OPAC
Tags: Add Tag
No Tags, Be the first to tag this record!

MARC

LEADER 00000nam a2200000 a 4500
005 20260127134154.0
008 090702 2009 xo 000 0 slo d
035 |a vtls009623475 
039 9 |y 200907021126  |z mschk03 
040 |a STUSCHK1  |b slo  |c STUSCHK1  |e AACR2 
100 1 |a Kubaská, Miroslava 
245 1 |a Reštauračné odpady ako organický substrát pre produkciu bioplynu a ich následné energetické využitie  |c Miroslava Kubaská 
260 |a Bratislava  |b STU FCHPT  |c 2009 
300 |a 59 s.  |b il.  |c 30cm 
500 |a Obháj.: 8.6. 2009 
500 |a Študijný program: chémia a technológia životného prodtredia 
500 |a Zameranie: chemické technológie 
500 |a Miesto vypracovania: Oddelenie environmentálneho inžinierstva, FCHPT STU 
500 |a Študijný odbor: 5.2.18 chemické technológie 
910 |a SCHK95 
999 |c 5799  |d 5799